El gigante egoísta / (Registro nro. 12266)

Detalles MARC
000 -LIDER
fixed length control field 00662nam a22002297a 4500
003 - IDENTIFICACDOR DE NÚMERO DE CONTROL
control field DO-SdBNP
005 - DATE AND TIME OF LATEST TRANSACTION
control field 20180214152624.0
008 - ELEMENTOS DE LONGITUD FIJA
fixed length control field 161205b 2005 sp a 00| 0 spa d
020 ## - ISBN
International Standard Book Number 9788496412682
040 ## - FUENTE DE CATALOGACIÓN
Agencia que crea de manera original el registro BPMSU
Idioma de catalogación spa
Agencia que realiza la transcripción BPMSU
082 #4 - NÚMERO DE CLASIFICACIÓN DECIMAL DE DEWEY
Classification number xxxxx
Item number xxxxx
100 1# - ASIENTO PRINCIPAL -- NOMBRE PERSONAL
Nombre personal Wilde, Oscar
245 13 - MENCIÓN DE TITULO
Título El gigante egoísta /
Mención de responsabilidad Oscar Wilde ; ilustración Gerardo Baró
260 ## - PUBLICACIÓN, DISTRIBUCIÓN, ETC. (PIE DE IMPRENTA)
Lugar de publicación, distribución, etc Madrid :
Nombre del editor, distribuidor, etc. Sol 90,
Fecha de publicación, distribución, etc 2005.
300 ## - DESCRIPCIÓN FÍSICA
Extensión 45 p. :
Otros detalles físicos il.,
Dimensiones 20 cm.
490 1# - MENCIÓN DE SERIES
Mención de serie Cuentos infantiles
Volume/sequential designation 14
700 1# - ASIENTO SECUNDARIO -- NOMBRE PERSONAL
Nombre personal Baró, Gerardo,
Mención de responsabilidad il.
830 #0 - ASIENTO SECUNDARIO DE SERIE--TÍTULO UNIFORME
Título uniforme Cuentos infantiles
Número de la parte o sección de una obra 14
942 ## - ADDED ENTRY ELEMENTS (KOHA)
Source of classification or shelving scheme Dewey Decimal Classification
Koha item type Libros
945 ## - INFORMACIÓN DE PROCESAMIENTO LOCAL
Información de procesamiento local Inventariado, 2018 / BT
956 ## - LOCAL ELECTRONIC LOCATION AND ACCESS (OCLC)
Nombre de host BTAVÁREZ
Número de acceso 10
Trayectoria 20160512
Nombre Electrónico BPMSU
Procesador de solicitud 0038
Existencias
Withdrawn status Lost status Source of classification or shelving scheme Damaged status Not for loan Collection code Home library Current library Date acquired Source of acquisition Total Checkouts Full call number Barcode Date last seen Price effective from Koha item type
    Dewey Decimal Classification     Colección Infantil General Biblioteca Pública Metropolitana Salomé Ureña Biblioteca Pública Metropolitana Salomé Ureña 12/05/2016 FUNDI   xxxxxxxxx xxxxxxxxxx BPMSU16120112 12/05/2016 12/05/2016 Libros